000 00608nam a2200217Ia 4500
005 20230822142733.0
008 131103s9999 xx 000 0 und d
020 _a81-7033--691-0
_cRs. 795
040 _aLoreto College
041 _aEnglish
082 _a915
_bTIR
100 _aTirtha, Ranjit
245 _aGeography of Asia
_cRanjit Tirtha. Drawings by Dale Austin.
260 _aJaipur and Delhi
_bRawat Publications.
_c2001
300 _a440p., maps 25cm.
504 _aIncludes index
650 _aRegional Geography-Asia
700 _aTirtha, Ranjit, auth.
850 _aLCLIB
942 _cBK
999 _c2049
_d52528